| 000 | 00660nam a22002177a 4500 | ||
|---|---|---|---|
| 003 | NALT | ||
| 005 | 20221125153810.0 | ||
| 008 | s2013 eng d | ||
| 020 | _a9781849462631 | ||
| 040 | _aNALT | ||
| 041 | _aeng | ||
| 090 |
_aKF 65 _bK64I 2013 |
||
| 100 | 1 |
_aKolb, Robert _99783 |
|
| 245 | 1 | 0 |
_aThe International Court of Justice / _cRobert Kolb. |
| 260 |
_aOxford : _bHart Publishing, _c2013. |
||
| 300 |
_a1307 p. ; _b _c25 cm. |
||
| 650 | 0 |
_99784 _aInternational Court of Justice _xRules and practice |
|
| 850 | _aNALT | ||
| 942 |
_cLB _2local |
||
| 998 |
_bปรียานุช คลอวุฒิวัฒน์ _bphon _c101 _j104 _k นางสาวสายฝน ดีงาม |
||
| 999 |
_c71385 _d71385 |
||